Helping paws dogs that serve / (Record no. 5067)

MARC details
000 -LEADER
fixed length control field 00994nam a22003017a 4500
001 - CONTROL NUMBER
control field 5067
003 - CONTROL NUMBER IDENTIFIER
control field FISKH
005 - DATE AND TIME OF LATEST TRANSACTION
control field 20250826100001.0
008 - FIXED-LENGTH DATA ELEMENTS--GENERAL INFORMATION
fixed length control field 241104b cb ||||| |||| 00| 0 eng d
020 ## - INTERNATIONAL STANDARD BOOK NUMBER
International Standard Book Number 9780439693226
040 ## - CATALOGING SOURCE
Original cataloging agency FISKH
Language of cataloging eng
Transcribing agency FISKH
Modifying agency FISKH
050 ## - LIBRARY OF CONGRESS CALL NUMBER
Classification number SF428.L85
082 ## - DEWEY DECIMAL CLASSIFICATION NUMBER
Classification number 636.7
100 ## - MAIN ENTRY--PERSONAL NAME
Personal name Luke, Melinda
Dates associated with a name (1989-)
245 ## - TITLE STATEMENT
Title Helping paws dogs that serve /
Statement of responsibility, etc. By Melinda Luke Illustrated by Marcy Dunn Ramsey
250 ## - EDITION STATEMENT
Edition statement 2001
260 ## - PUBLICATION, DISTRIBUTION, ETC.
Place of publication, distribution, etc. New York :
Name of publisher, distributor, etc. Scholastic,
Date of publication, distribution, etc. 2001.
300 ## - PHYSICAL DESCRIPTION
Extent 45 pages :
Other physical details color illustrations ;
Dimensions 23 cm
505 ## - FORMATTED CONTENTS NOTE
Formatted contents note R<br/>
520 ## - SUMMARY, ETC.
Summary, etc. Starting with lively and easy-to-understand explanations of dogs' senses, theauthor describes the historical and contemporary roles of canines. Full-colorillustrations.
521 8# - TARGET AUDIENCE NOTE
Target audience note 780<br/><br/>
Source Lexile<br/>
521 8# - TARGET AUDIENCE NOTE
Target audience note R<br/>
Source Raz-Plus<br/>
650 ## - SUBJECT ADDED ENTRY--TOPICAL TERM
Source of heading or term Dogs
Topical term or geographic name entry element Animals
Form subdivision Service dogs
650 ## - SUBJECT ADDED ENTRY--TOPICAL TERM
Source of heading or term Heroes
Topical term or geographic name entry element Helping
700 ## - ADDED ENTRY--PERSONAL NAME
Personal name Ramsey, Dunn Marcy
Dates associated with a name Illustrator
942 ## - ADDED ENTRY ELEMENTS (KOHA)
Source of classification or shelving scheme Dewey Decimal Classification
Koha item type Books
Suppress in OPAC No
Holdings
Withdrawn status Lost status Source of classification or shelving scheme Damaged status Not for loan Collection Home library Current library Shelving location Date acquired Total Checkouts Full call number Barcode Date last seen Date last checked out Copy number Price effective from Koha item type
    Dewey Decimal Classification     Juvenile Fiction Footprints International School Library Network Toul Kork Campus Footprints International School Library Network Toul Kork Campus TK Primary Library Room(4th Floor), Bookcase 5&6, Shelves 33-56, Orange Books 11/04/2024 1 LUK 636.7 SF428.L85 FISTK01717 10/06/2025 09/12/2025 1 11/04/2024 Books
    Dewey Decimal Classification     Juvenile Fiction Footprints International School Library Network Toul Tom Poung Campus Footprints International School Library Network Toul Tom Poung Campus TTP Primary Orange Bookshelves 08/26/2025   LUK 636.7 SF428.L85 2025-4243 08/26/2025   2 08/26/2025 Books